[Event "IND-ch Rapid"]
[Site "Nashik"]
[Date "2024.03.05"]
[Round "6"]
[White "Mitrabha, Guha"]
[Black "Sammed Jaykumar, Shete"]
[Result "0-1"]
[WhiteElo "2466"]
[BlackElo "2262"]
[PlyCount "84"]
[EventDate "2024.03.04"]
[EventType "swiss (rapid)"]
[EventRounds "11"]
[EventCountry "IND"]
[SourceTitle "CB11_2024"]
[SourceDate "2024.03.13"]
[SourceVersion "1"]
[SourceVersionDate "2024.03.13"]
[SourceQuality "1"]

1. c4 Nf6 2. Nf3 c5 3. g3 g6 4. Bg2 Bg7 5. d4 0-0 6. 0-0 d6 7. b3 Nc6 8. Bb2 Bg4 9. d5 Bxf3 10. exf3 Nd4 11. Nc3 Nd7 12. f4 Rb8 13. Ne2 Nf3+ 14. Bxf3 Bxb2 15. Rb1 Bg7 16. h4 b5 17. Qd2 bxc4 18. bxc4 Qc7 19. Qe3 Bf6 20. g4 Rfe8 21. g5 Bg7 22. Kg2 Rb4 23. Qd3 Reb8 24. Bg4 Rb2 25. h5 Nf8 26. f5 Qa5 27. fxg6 hxg6 28. Rbd1 Qa4 29. Qe4 Qc2 30. Rd3 Rb1 31. Rxb1 Rxb1 32. Re3 Qd1 33. Rh3 Qf1+ 34. Kg3 Be5+ 35. Kf3 Rb2 36. Qd3 Nh7 37. Ke3 Nxg5 38. hxg6 Nxh3 39. gxf7+ Kg7 40. f8Q+ Kxf8 41. Qf5+ Bf6 42. Bh5 Qxf2+ 0-1

[Event "Abu Dhabi op 29th"]
[Site "Abu Dhabi"]
[Date "2023.08.17"]
[Round "2"]
[White "Zia, Tahsin Tajwar"]
[Black "Sammed Jaykumar, Shete"]
[Result "0-1"]
[WhiteElo "2305"]
[BlackElo "2451"]
[PlyCount "82"]
[EventDate "2023.08.16"]
[EventType "swiss"]
[EventRounds "9"]
[EventCountry "UAE"]
[SourceTitle "EXT 2024"]
[Source "ChessBase"]
[SourceDate "2023.10.10"]
[SourceVersion "1"]
[SourceVersionDate "2023.10.10"]
[SourceQuality "1"]

1. d4 Nf6 2. c4 e6 3. g3 c5 4. d5 exd5 5. cxd5 d6 6. Nc3 g6 7. Bg2 Bg7 8. Nf3 0-0 9. 0-0 Re8 10. Bf4 a6 11. a4 h6 12. Qc1 g5 13. Bd2 Bf5 14. h4 g4 15. Ne1 Kh7 16. Nc2 Nbd7 17. Ne3 Bg6 18. a5 Ne5 19. Na4 Nfd7 20. Bc3 h5 21. Bxe5 Rxe5 22. Nc4 Rxe2 23. Nxd6 Rb8 24. Qd1 Qe7 25. Nc3 Rxb2 26. Nde4 Kh8 27. Ra3 Rb4 28. Ng5 Rd4 29. Qc1 Ne5 30. d6 Rxd6 31. Nd5 Qd7 32. Nb6 Qb5 33. Ne4 Rd3 34. Nxc5 Nf3+ 35. Bxf3 Rxf3 36. Rxf3 gxf3 37. Qa3 Rd8 38. Re1 Bd4 39. Nxb7 Bxf2+ 40. Kxf2 Rd2+ 41. Kxf3 Qf5+ 0-1

[Event "Arad op 16th"]
[Site "Arad"]
[Date "2023.08.13"]
[Round "9"]
[White "Sammed Jaykumar, Shete"]
[Black "Sargsyan, Shant"]
[Result "1/2-1/2"]
[WhiteElo "2451"]
[BlackElo "2639"]
[PlyCount "64"]
[EventDate "2023.08.07"]
[EventType "swiss"]
[EventRounds "9"]
[EventCountry "ROU"]
[SourceTitle "EXT 2024"]
[Source "ChessBase"]
[SourceDate "2023.10.10"]
[SourceVersion "1"]
[SourceVersionDate "2023.10.10"]
[SourceQuality "1"]

1. e4 e5 2. Nf3 Nc6 3. d4 exd4 4. Bc4 Nf6 5. e5 Ne4 6. Qe2 Nc5 7. c3 Ne6 8. cxd4 Ncxd4 9. Nxd4 Nxd4 10. Qe4 Ne6 11. 0-0 Be7 12. Nc3 0-0 13. Rd1 d6 14. Be3 Ng5 15. Qc2 Be6 16. Bd3 f5 17. exf6 Bxf6 18. f4 Nf7 19. Bxh7+ Kh8 20. Bg6 Nh6 21. f5 Bf7 22. Nd5 Bg5 23. Bxg5 Qxg5 24. Qc1 Qxc1 25. Raxc1 Bxg6 26. fxg6 c6 27. Nc7 Rac8 28. Ne6 Rf6 29. Rxd6 Re8 30. Re1 Rxg6 31. Rd8 Rxd8 32. Nxd8 Rd6 1/2-1/2

[Event "Arad op 16th"]
[Site "Arad"]
[Date "2023.08.07"]
[Round "1"]
[White "Sammed Jaykumar, Shete"]
[Black "Pop, Laurentius Onyx"]
[Result "1-0"]
[WhiteElo "2451"]
[BlackElo "1868"]
[PlyCount "79"]
[EventDate "2023.08.07"]
[EventType "swiss"]
[EventRounds "9"]
[EventCountry "ROU"]
[SourceTitle "EXT 2024"]
[Source "ChessBase"]
[SourceDate "2023.10.10"]
[SourceVersion "1"]
[SourceVersionDate "2023.10.10"]
[SourceQuality "1"]

1. e4 e5 2. Nf3 Nf6 3. Nc3 Nc6 4. Bb5 Nd4 5. 0-0 Nxb5 6. Nxb5 c6 7. Nc3 d6 8. h3 Be7 9. d4 Qc7 10. a4 a5 11. Re1 0-0 12. b3 Re8 13. Qd3 b6 14. Bg5 h6 15. Bh4 Ba6 16. Qd2 Nh5 17. Rad1 Bxh4 18. Nxh4 Rad8 19. Qe3 Bc8 20. Ne2 d5 21. exd5 cxd5 22. dxe5 Rxe5 23. Qd2 Nf6 24. Nf3 Re6 25. Nfd4 Re4 26. f3 Re7 27. Qc3 Rde8 28. Qxc7 Rxc7 29. Nf4 Rce7 30. Rxe7 Rxe7 31. Kf2 Ba6 32. g4 Kf8 33. h4 Bb7 34. g5 hxg5 35. hxg5 Ne8 36. g6 Kg8 37. Rh1 f6 38. Nf5 Rc7 39. Ne6 Rxc2+ 40. Kg3 1-0

[Event "Kavala op 32nd"]
[Site "Kavala"]
[Date "2023.08.02"]
[Round "7"]
[White "Aaron, Deepak"]
[Black "Sammed Jaykumar, Shete"]
[Result "0-1"]
[WhiteElo "2308"]
[BlackElo "2451"]
[PlyCount "100"]
[EventDate "2023.07.28"]
[EventType "swiss"]
[EventRounds "9"]
[EventCountry "GRE"]
[SourceTitle "CBM 215 Extra"]
[Source "ChessBase"]
[SourceDate "2023.09.30"]
[SourceVersion "1"]
[SourceVersionDate "2023.09.30"]
[SourceQuality "1"]

1. e4 c5 2. Nf3 d6 3. Bb5+ Nd7 4. c3 a6 5. Bd3 Ne5 6. Nxe5 dxe5 7. Qe2 e6 8. 0-0 Ne7 9. Bc2 h5 10. a4 b6 11. Na3 g5 12. d4 exd4 13. cxd4 Nc6 14. dxc5 Nd4 15. Qd2 bxc5 16. a5 Bd7 17. Qd1 Qxa5 18. Bxg5 Rg8 19. Be3 Qb4 20. Bxd4 cxd4 21. Bd3 Rg5 22. Qe2 a5 23. f4 Rc5 24. f5 Rac8 25. Rad1 h4 26. Kh1 h3 27. g4 Bh6 28. g5 Bxg5 29. Rg1 Be3 30. Rg8+ Ke7 31. f6+ Kxf6 32. Qf3+ Ke7 33. Rxc8 Bxc8 34. Rf1 f5 35. Qxh3 Bb7 36. Nc2 Qxb2 37. Qh4+ Kd7 38. Nxe3 dxe3 39. Rd1 Kc6 40. Qd8 Rc1 41. Qe8+ Kc7 42. Qe7+ Kb8 43. Qd8+ Rc8 44. Qd6+ Ka7 45. Rb1 e2 46. Re1 Rc1 47. Qg3 Rxe1+ 48. Qxe1 Qd4 49. Qxe2 Bxe4+ 50. Bxe4 Qxe4+ 0-1

[Event "Budapest FS07 GM"]
[Site "Budapest"]
[Date "2023.07.11"]
[Round "9"]
[White "Sammed Jaykumar, Shete"]
[Black "Neverov, Valeriy"]
[Result "1/2-1/2"]
[WhiteElo "2440"]
[BlackElo "2410"]
[PlyCount "60"]
[EventDate "2023.07.01"]
[EventType "tourn"]
[EventRounds "9"]
[EventCountry "HUN"]
[EventCategory "6"]
[SourceTitle "EXT 2024"]
[Source "ChessBase"]
[SourceDate "2023.10.10"]
[SourceVersion "1"]
[SourceVersionDate "2023.10.10"]
[SourceQuality "1"]

1. e4 c5 2. Nf3 Nc6 3. Bb5 g6 4. 0-0 Bg7 5. c3 Nf6 6. Re1 0-0 7. d4 cxd4 8. cxd4 d5 9. e5 Ne4 10. Be3 Bd7 11. Qb3 e6 12. Bd3 Qb6 13. Qxb6 axb6 14. Nc3 Nxc3 15. bxc3 Ra3 16. Bd2 b5 17. Bxb5 Nxe5 18. Bxd7 Nxd7 19. c4 Rfa8 20. cxd5 exd5 21. Rab1 Rxa2 22. Rxb7 R2a7 23. Rxa7 Rxa7 24. h3 Bf8 25. Rc1 Kg7 26. Be3 f6 27. g4 Kf7 28. Kg2 Bd6 29. Rc2 Rc7 30. Rxc7 Bxc7 1/2-1/2

[Event "Budapest FS07 GM"]
[Site "Budapest"]
[Date "2023.07.02"]
[Round "2"]
[White "Sammed Jaykumar, Shete"]
[Black "Srihari, LR."]
[Result "1/2-1/2"]
[WhiteElo "2440"]
[BlackElo "2384"]
[PlyCount "113"]
[EventDate "2023.07.01"]
[EventType "tourn"]
[EventRounds "9"]
[EventCountry "HUN"]
[EventCategory "6"]
[SourceTitle "EXT 2024"]
[Source "ChessBase"]
[SourceDate "2023.10.10"]
[SourceVersion "1"]
[SourceVersionDate "2023.10.10"]
[SourceQuality "1"]

1. e4 c6 2. d4 d5 3. e5 Bf5 4. Nf3 e6 5. Be2 c5 6. c3 Nc6 7. 0-0 cxd4 8. Nxd4 Nge7 9. Bb5 a6 10. Ba4 Bg6 11. Na3 Qc7 12. h4 h5 13. Re1 Nf5 14. Nxc6 bxc6 15. Nc2 Bc5 16. Nd4 Bxd4 17. cxd4 0-0 18. b3 Rfc8 19. Ba3 Nxh4 20. Rc1 Qd8 21. Re3 Nf5 22. Rec3 Qh4 23. Bc5 Qg5 24. Rd3 h4 25. Qd2 f6 26. Qxg5 fxg5 27. Rdc3 Be8 28. b4 a5 29. bxa5 Rxa5 30. Bb3 Rb8 31. a4 Kf7 32. Bd1 Bd7 33. Rb3 Rxb3 34. Bxb3 Ra6 35. Bc2 Ke8 36. Rb1 Ra8 37. Rb7 g6 38. Kh2 g4 39. a5 Rxa5 40. Rb8+ Kf7 41. Rf8+ Kg7 42. Rd8 Ra2 43. Rxd7+ Kh6 44. Bxf5 gxf5 45. Bf8+ Kg5 46. Be7+ Kh5 47. Rd8 Rxf2 48. Rh8+ Kg6 49. Bxh4 Rd2 50. Kg3 Rd3+ 51. Kf2 Rxd4 52. Rg8+ Kf7 53. Rc8 f4 54. g3 f3 55. Rxc6 Rd2+ 56. Kf1 Rd1+ 57. Kf2 1/2-1/2

[Event "Dortmund Sparkassen op 50th"]
[Site "Dortmund"]
[Date "2023.07.01"]
[Round "8"]
[White "Kamsky, Gata"]
[Black "Sammed Jaykumar, Shete"]
[Result "1/2-1/2"]
[WhiteElo "2659"]
[BlackElo "2440"]
[PlyCount "78"]
[EventDate "2023.06.24"]
[EventType "swiss"]
[EventRounds "9"]
[EventCountry "GER"]
[SourceTitle "CBM 215 Extra"]
[Source "ChessBase"]
[SourceDate "2023.09.30"]
[SourceVersion "1"]
[SourceVersionDate "2023.09.30"]
[SourceQuality "1"]

1. d4 Nf6 2. Bf4 d5 3. e3 c5 4. c3 Nc6 5. Nd2 a6 6. Ngf3 cxd4 7. exd4 Bf5 8. a4 e6 9. Be2 h6 10. 0-0 Be7 11. Ne5 Nxe5 12. Bxe5 b6 13. Re1 0-0 14. Bf1 Bd6 15. Nb3 Ng4 16. Bxd6 Qxd6 17. g3 Nf6 18. f3 Rfb8 19. Nc1 Qc7 20. Bd3 Bxd3 21. Nxd3 a5 22. Qe2 b5 23. axb5 Rxb5 24. Nc5 Qb6 25. Ra2 Rb8 26. Nd3 Ne8 27. Qf2 Nd6 28. Re2 Qc6 29. Ne5 Qc7 30. Ra1 Qb7 31. Nd3 Qc6 32. g4 Ra8 33. Kg2 a4 34. Nc5 Rb6 35. h4 Rbb8 36. Kh3 Nb7 37. Nd3 Nd6 38. Nc5 Nb7 39. Nd3 Nd6 1/2-1/2

[Event "Titled Tuesday intern op 13th Jun Early"]
[Site "Chess.com INT"]
[Date "2023.06.13"]
[Round "3"]
[White "Sammed Jaykumar, Shete"]
[Black "Taboas Rodriguez, Daniel"]
[Result "1/2-1/2"]
[WhiteElo "2440"]
[BlackElo "2374"]
[PlyCount "81"]
[EventDate "2023.06.13"]
[EventType "swiss (blitz)"]
[EventRounds "11"]
[EventCountry "USA"]
[SourceTitle "EXT 2024"]
[Source "ChessBase"]
[SourceDate "2023.10.10"]
[SourceVersion "1"]
[SourceVersionDate "2023.10.10"]
[SourceQuality "1"]

1. d4 Nf6 2. c4 g6 3. Nc3 Bg7 4. Bg5 0-0 5. e4 d6 6. Qd2 Nc6 7. Be2 e5 8. d5 Nd4 9. Nf3 Nxe2 10. Qxe2 h6 11. Be3 Nh5 12. g3 f5 13. exf5 Bxf5 14. Nd2 Nf6 15. f3 h5 16. 0-0-0 a6 17. Nde4 Nxe4 18. Nxe4 b5 19. c5 Bxe4 20. fxe4 Kh7 21. h3 Bh6 22. Qd2 Bxe3 23. Qxe3 Qf6 24. Rd2 Qf3 25. Re1 Rf6 26. Rc2 Raf8 27. cxd6 cxd6 28. Rc6 Qg2 29. Rc7+ R8f7 30. Qa7 Kg7 31. Kb1 Qxg3 32. Rec1 Qd3+ 33. Ka1 Qxe4 34. Qxa6 Qxd5 35. Rc8 Rf1 36. a3 Qd2 37. Kb1 Qd3+ 38. Ka2 Qd5+ 39. Ka1 R1f2 40. Rb8 Rf1 41. Rbc8 1/2-1/2

[Event "Maharashtra op 2nd"]
[Site "Nagpur"]
[Date "2023.06.04"]
[Round "6"]
[White "Raahul, VS."]
[Black "Sammed Jaykumar, Shete"]
[Result "1/2-1/2"]
[WhiteElo "2299"]
[BlackElo "2440"]
[PlyCount "60"]
[EventDate "2023.06.01"]
[EventType "swiss"]
[EventRounds "11"]
[EventCountry "IND"]
[SourceTitle "CBM 214 Extra"]
[Source "ChessBase"]
[SourceDate "2023.07.31"]
[SourceVersion "1"]
[SourceVersionDate "2023.07.31"]
[SourceQuality "1"]

1. d4 Nf6 2. Bf4 d5 3. e3 c5 4. Nd2 Nc6 5. Ngf3 Nh5 6. dxc5 Nxf4 7. exf4 Qa5 8. c3 Qxc5 9. Nb3 Qd6 10. g3 g6 11. Bg2 Bg7 12. 0-0 0-0 13. Qd2 Bg4 14. Ne5 Nxe5 15. fxe5 Bxe5 16. Qxd5 Qxd5 17. Bxd5 Rab8 18. Kg2 Rfd8 19. Bf3 Bxf3+ 20. Kxf3 Bc7 21. Rad1 Bb6 22. Rd2 Rxd2 23. Nxd2 Rc8 24. Re1 Kf8 25. Re4 f5 26. Rb4 Rc7 27. Rb5 Bc5 28. Nb3 Bd6 29. Rd5 Kf7 30. Ke2 Ke6 1/2-1/2

[Event "Maharashtra op 2nd"]
[Site "Nagpur"]
[Date "2023.06.01"]
[Round "1"]
[White "Sammed Jaykumar, Shete"]
[Black "Rohit, S3333"]
[Result "1-0"]
[WhiteElo "2440"]
[BlackElo "2070"]
[PlyCount "112"]
[EventDate "2023.06.01"]
[EventType "swiss"]
[EventRounds "11"]
[EventCountry "IND"]
[SourceTitle "CBM 214 Extra"]
[Source "ChessBase"]
[SourceDate "2023.07.31"]
[SourceVersion "1"]
[SourceVersionDate "2023.07.31"]
[SourceQuality "1"]

1. d4 d5 2. c4 e6 3. Nf3 Nf6 4. Nc3 dxc4 5. e3 a6 6. Bxc4 b5 7. Bd3 Bb7 8. a4 b4 9. Nb1 c5 10. Nbd2 cxd4 11. exd4 Be7 12. 0-0 0-0 13. a5 Bd5 14. Nc4 Nc6 15. Nb6 Ra7 16. Nxd5 Qxd5 17. Qe2 Nxa5 18. Be3 Ng4 19. Ne5 Nxe3 20. fxe3 Bd8 21. Bxa6 Bb6 22. Bd3 f5 23. Kh1 Nc6 24. e4 Qd6 25. Rxa7 Bxa7 26. Nxc6 Qxc6 27. exf5 exf5 28. Bxf5 Qe8 29. Qxe8 Rxe8 30. d5 Bc5 31. Be6+ Kh8 32. g3 Rf8 33. Rc1 Bd6 34. Rc6 Rd8 35. b3 g5 36. Kg2 Kg7 37. Kf3 h5 38. Ke4 Kf6 39. Rb6 Kg6 40. Rb7 h4 41. gxh4 gxh4 42. h3 Kf6 43. Kd4 Kg6 44. Kc4 Kf6 45. Rh7 Ke5 46. Rxh4 Rf8 47. Rh5+ Ke4 48. Kb5 Kd4 49. Kc6 Rd8 50. Rf5 Bg3 51. Rf3 Rd6+ 52. Kb5 Be1 53. h4 Rd8 54. h5 Bd2 55. Kc6 Ke4 56. Rf7 Kd4 1-0

[Event "Titled Tuesday intern op 09th May Early"]
[Site "Chess.com INT"]
[Date "2023.05.09"]
[Round "1"]
[White "Marcziter, Dmitrii"]
[Black "Sammed Jaykumar, Shete"]
[Result "0-1"]
[WhiteElo "2234"]
[BlackElo "2440"]
[PlyCount "96"]
[EventDate "2023.05.09"]
[EventType "swiss (blitz)"]
[EventRounds "11"]
[EventCountry "USA"]
[SourceTitle "CBM 214 Extra"]
[Source "ChessBase"]
[SourceDate "2023.07.31"]
[SourceVersion "1"]
[SourceVersionDate "2023.07.31"]
[SourceQuality "1"]

1. d4 Nf6 2. c4 g6 3. Nf3 Bg7 4. g3 0-0 5. Bg2 c5 6. 0-0 cxd4 7. Qxd4 Nc6 8. Qh4 h5 9. h3 d5 10. Nbd2 e5 11. cxd5 Nxd5 12. Qxd8 Rxd8 13. Nc4 f6 14. Rd1 Be6 15. Ne3 Nb6 16. Bd2 e4 17. Ne1 f5 18. Bc3 Bxc3 19. bxc3 Na4 20. Rdc1 Rd2 21. Kf1 Bxa2 22. f3 Nc5 23. N1c2 Nb3 24. Rxa2 Nxc1 25. Rb2 a5 26. fxe4 a4 27. exf5 a3 28. Rxb7 Ne5 29. Re7 Ra5 30. f6 Rxe2 31. Bd5+ Rxd5 32. Nxd5 a2 33. Rg7+ Kf8 34. Na1 Ned3 35. Ra7 Rf2+ 36. Kg1 Ne2+ 37. Kh1 Nxg3+ 38. Kg1 Ne2+ 39. Kh1 Rf1+ 40. Kg2 Rf2+ 41. Kh1 Ne1 42. c4 Nf3 43. Ra8+ Kf7 44. Ra7+ Ke6 45. Re7+ Kd6 46. Rxe2 Rxe2 47. c5+ Kxd5 48. f7 Rh2# 0-1

[Event "Titled Tuesday intern op 18th Apr Early"]
[Site "Chess.com INT"]
[Date "2023.04.18"]
[Round "2"]
[White "Blokhin, Sofia"]
[Black "Sammed Jaykumar, Shete"]
[Result "0-1"]
[WhiteElo "2056"]
[BlackElo "2454"]
[PlyCount "112"]
[EventDate "2023.04.18"]
[EventType "swiss (blitz)"]
[EventRounds "11"]
[EventCountry "USA"]
[SourceTitle "EXT 2024"]
[Source "ChessBase"]
[SourceDate "2023.10.10"]
[SourceVersion "1"]
[SourceVersionDate "2023.10.10"]
[SourceQuality "1"]

1. d4 d5 2. c4 dxc4 3. Nf3 Nf6 4. Nc3 Bg4 5. e4 Bxf3 6. gxf3 e6 7. Bxc4 Nbd7 8. Be3 a6 9. Qd2 c5 10. e5 cxd4 11. Bxd4 Nh5 12. 0-0-0 Qc7 13. Be2 Be7 14. f4 g6 15. Bxh5 gxh5 16. Kb1 0-0-0 17. Rc1 Nc5 18. Qe3 Kb8 19. Ne4 Rxd4 20. Qxd4 Rd8 21. Qe3 Rd5 22. b4 Qb6 23. Nxc5 Bxc5 24. Rxc5 Qxb4+ 25. Ka1 Rxc5 26. Rb1 Qc3+ 27. Qxc3 Rxc3 28. Rg1 Rf3 29. Rg7 Rxf4 30. Rxh7 h4 31. f3 Kc7 32. Kb2 Kc6 33. Kc2 Kd5 34. Rh5 Rxf3 35. Rxh4 Kxe5 36. Rb4 b5 37. Rh4 f5 38. a4 bxa4 39. Rxa4 Rf2+ 40. Kd3 Rxh2 41. Rxa6 Rh3+ 42. Ke2 Rb3 43. Ra5+ Kf4 44. Ra4+ Kg5 45. Ra6 e5 46. Ra8 e4 47. Rg8+ Kf4 48. Rf8 Rb2+ 49. Ke1 Ra2 50. Re8 Ke3 51. Kf1 f4 52. Re7 f3 53. Kg1 Ra1+ 54. Kh2 f2 55. Rf7 f1Q 56. Rf3+ exf3 0-1